[Event "Moscow Aeroflot op-A"]
[Site "Moscow"]
[Date "2005.02.16"]
[Round "2"]
[White "Nyback, Tomi"]
[Black "Filippov, Valerij"]
[Result "0-1"]
[WhiteElo "2554"]
[BlackElo "2621"]
[PlyCount "57"]
[EventDate "2005.02.15"]
[EventType "swiss"]
[EventRounds "9"]
[EventCountry "RUS"]
[SourceTitle "CBM 106"]
[Source "ChessBase"]
[SourceDate "2005.06.06"]
[SourceVersion "1"]
[SourceVersionDate "2005.06.06"]
[SourceQuality "1"]

1. d4 d5 2. c4 e6 3. Nf3 Nf6 4. Nc3 c6 5. Bg5 Nbd7 6. cxd5 exd5 7. e3 Be7 8. Bd3 Ne4 9. Bxe7 Qxe7 10. Qc2 Ndf6 11. 0-0 Bf5 12. Na4 0-0 13. Ne5 g6 14. Rab1 Rac8 15. b4 Nd6 16. Bxf5 Nxf5 17. Nc5 Nd6 18. a4 Nfe4 19. Rfc1 f6 20. Ned3 Nc4 21. Nxe4 Qxe4 22. Qc3 b6 23. Nb2 Nd6 24. Qd3 f5 25. Rc2 a5 26. Rbc1 f4 27. bxa5 bxa5 28. Qd2 Rb8 29. exf4 0-1

[Event "Moscow Aeroflot op-A"]
[Site "Moscow"]
[Date "2005.02.15"]
[Round "1"]
[White "Filippov, Valerij"]
[Black "Kuzubov, Yuriy"]
[Result "1/2-1/2"]
[WhiteElo "2621"]
[BlackElo "2563"]
[PlyCount "78"]
[EventDate "2005.02.15"]
[EventType "swiss"]
[EventRounds "9"]
[EventCountry "RUS"]
[SourceTitle "CBM 106"]
[Source "ChessBase"]
[SourceDate "2005.06.06"]
[SourceVersion "1"]
[SourceVersionDate "2005.06.06"]
[SourceQuality "1"]

1. c4 Nf6 2. Nc3 e5 3. Nf3 Nc6 4. e3 Be7 5. d4 exd4 6. Nxd4 0-0 7. Be2 Bb4 8. 0-0 Bxc3 9. bxc3 d6 10. Nxc6 bxc6 11. Bf3 Qe8 12. Qa4 Ne4 13. Qa5 Qe7 14. c5 Nxc5 15. Bxc6 Rb8 16. c4 Rb6 17. Bf3 Be6 18. Qc3 Qh4 19. Qd4 Qxd4 20. exd4 Nd3 21. c5 dxc5 22. dxc5 Rb4 23. Be3 Ne5 24. Be2 Rb2 25. Rfe1 Rxa2 26. Bf4 f6 27. Rxa2 Bxa2 28. Ra1 Bd5 29. Rxa7 Ra8 30. Rxa8+ Bxa8 31. Be3 Bd5 32. f4 Nc6 33. Kf2 Kf7 34. g4 Ne7 35. Bd2 c6 36. Ke3 g6 37. Kd4 Ke6 38. Bc3 Bg2 39. Ba5 Nd5 1/2-1/2

[Event "FIDE-Wch k.o."]
[Site "Tripoli"]
[Date "2004.06.24"]
[Round "3.3"]
[White "Grischuk, Alexander"]
[Black "Filippov, Valerij"]
[Result "1/2-1/2"]
[WhiteElo "2719"]
[BlackElo "2639"]
[PlyCount "120"]
[EventDate "2004.06.19"]
[EventType "k.o."]
[EventRounds "7"]
[EventCountry "LBY"]
[SourceTitle "CBM 102"]
[Source "ChessBase"]
[SourceDate "2004.09.23"]
[SourceVersion "1"]
[SourceVersionDate "2004.09.23"]
[SourceQuality "1"]

1. d4 d5 2. c4 c6 3. Nf3 Nf6 4. Nc3 e6 5. Bg5 Nbd7 6. e3 Qa5 7. cxd5 Nxd5 8. Qd2 h6 9. Bh4 Bb4 10. Rc1 c5 11. a3 Bxc3 12. bxc3 b6 13. c4 Qxd2+ 14. Nxd2 N5f6 15. Be2 Bb7 16. f3 0-0 17. 0-0 cxd4 18. exd4 e5 19. c5 bxc5 20. dxe5 Rfe8 21. Bb5 Rxe5 22. Nc4 Re6 23. Na5 Ba6 24. Bc4 Bxc4 25. Nxc4 Rae8 26. Rfd1 Re2 27. Bf2 R8e6 28. Kf1 Ra2 29. Rd2 Rxd2 30. Nxd2 Ra6 31. Rc3 Kf8 32. h4 Ke7 33. Bxc5+ Nxc5 34. Rxc5 Rxa3 35. Ne4 Nxe4 36. Re5+ Kd6 37. Rxe4 a5 38. h5 a4 39. Kf2 Ra1 40. Rf4 Ke6 41. g4 a3 42. Ra4 Kd5 43. Kg3 g5 44. hxg6 fxg6 45. f4 h5 46. gxh5 gxh5 47. Ra5+ Kc4 48. Kg2 Kb4 49. Ra8 Rd1 50. Rb8+ Kc3 51. Rc8+ Kb2 52. Rb8+ Ka1 53. f5 a2 54. f6 Rb1 55. Re8 Kb2 56. f7 a1Q 57. Re2+ Kc3 58. f8Q Rg1+ 59. Kh3 Rh1+ 60. Rh2 Kb3 1/2-1/2